| 000 | 00972nam a2200289 i 4500 | ||
|---|---|---|---|
| 001 | 000032194 | ||
| 003 | DO-SdBNP | ||
| 005 | 20250618125223.0 | ||
| 007 | ta | ||
| 008 | 110713s1965 sp c 000 | spa d | ||
| 040 |
_aDO-SdBNP _bspa _cBNPHU _erda |
||
| 041 | _hspa | ||
| 082 |
_a972.93053 _bM615a _222 |
||
| 100 | 1 |
_aMeyreles Soler, Rafael _eautor _937745 |
|
| 245 | 1 | 0 |
_aAsí mataron a Trujillo : _bbiografía de un asesinato / _cRafael Meyreles Soler. |
| 264 |
_aMadrid : _bFénix, _c1965. |
||
| 300 |
_a171 páginas : _bretratos. ; _c20 cm. |
||
| 336 |
_ardaconten _btexto _2txt |
||
| 337 |
_ardamedia _bsin mediación _2n |
||
| 338 |
_ardacarrier _bvolumen _2nc |
||
| 500 | _aIncluye notas al pie de las páginas. | ||
| 590 | _aInventariado, 2019 / DG | ||
| 600 | 1 | 0 |
_aTrujillo Molina, Rafael Leónidas, _d1891-1961 _xMuerte _910869 |
| 650 | 4 |
_aHomicidio político _zRepública Dominicana _911383 |
|
| 910 | _aValidado. Control de calidad MFF | ||
| 942 |
_2ddc _cLBS1 |
||
| 999 |
_c31685 _d31685 |
||